000 00542nam a2200169 i 4500
001 72541
003 ES-MaACL
005 20230906171452.0
007 t|
008 040901s1968 sp ||||1| spa d
100 1 _aGlaser, Hermann.
_957396
245 1 0 _aIntroducción a la cultura contemporánea /
_cHermann Glaser ; [traducido del alemán por Marciano Villanueva Salas].
260 _aMadrid :
_bIberoamericanas,
_c[1968]
300 _a283 p. ;
_c17 cm.
700 1 _aVillanueva, Marciano.
_9115029
852 _aES-MaACL
_jC-34505
_bR.65060
999 _c72541
_d72541